رياضة و هوايات / (رقم التسجيلة. 52826)
[ عرض عادي ]
| 000 -LEADER | |
|---|---|
| fixed length control field | 00509nam a22001817a 4500 |
| 005 - DATE AND TIME OF LATEST TRANSACTION | |
| control field | 20251108170940.0 |
| 008 - FIXED-LENGTH DATA ELEMENTS--GENERAL INFORMATION | |
| fixed length control field | 250721s1987 xx 000 0 ara d |
| 082 14 - DEWEY DECIMAL CLASSIFICATION NUMBER | |
| Classification number | ط/م/796/ريا |
| 245 10 - TITLE STATEMENT | |
| Title | رياضة و هوايات / |
| 264 1# - PRODUCTION, PUBLICATION, DISTRIBUTION, MANUFACTURE, AND COPYRIGHT NOTICE | |
| Place of production, publication, distribution, manufacture | جنيف : |
| Name of producer, publisher, distributor, manufacturer | شركة ترادكسيم، |
| Date of production, publication, distribution, manufacture, or copyright notice | 1987. |
| 300 ## - PHYSICAL DESCRIPTION | |
| Extent | 160ص؛مص |
| 490 0# - SERIES STATEMENT | |
| Series statement | كتاب المعرفه |
| 650 17 - SUBJECT ADDED ENTRY--TOPICAL TERM | |
| Topical term or geographic name as entry element | الترفيه |
| 650 17 - SUBJECT ADDED ENTRY--TOPICAL TERM | |
| Topical term or geographic name as entry element | الهوايات |
| 653 ## - INDEX TERM--UNCONTROLLED | |
| Uncontrolled term | ناشون كبار (15-18)سنة |
| 942 ## - ADDED ENTRY ELEMENTS (KOHA) | |
| Source of classification or shelving scheme | Dewey Decimal Classification |
| Koha item type | مراجع |
| حالة السحب | حالة الفقدان | مصدر التصنيف | حالة التلف | غير قابل للإعارة | المكتبة الرئيسية | المكتبة الحالية | موقع الرف | تاريخ التزويد | الرقم المتسلسل | Total Checkouts | رقم الإستدعاء | الباركود | تاريخ آخر ظهور | تاريخ الفاتورة | نوع المادة (كوها) |
|---|---|---|---|---|---|---|---|---|---|---|---|---|---|---|---|
| Dewey Decimal Classification | Not For Loan | مكتبة الأميرة ايمان العامة | مكتبة الأميرة ايمان العامة | الأطفال | 10/11/2013 | [1896]. | ط/م/796/ريا | PLD00285653 | 28/07/2025 | 10/11/2013 | مراجع | ||||
| Dewey Decimal Classification | Not For Loan | مكتبة بدر للأطفال | مكتبة بدر للأطفال | الأطفال | 24/08/2022 | 269592 | ط/م/796/ريا | PLD00500243 | 28/07/2025 | 24/08/2022 | مراجع | ||||
| Dewey Decimal Classification | Not For Loan | مكتبة حمزة العامة | مكتبة حمزة العامة | مراجع | 06/07/2004 | 1949 | ط/م/796/ريا | DUP-01_1949 | 28/07/2025 | 06/07/2004 | مراجع | ||||
| Dewey Decimal Classification | Not For Loan | مكتبة حمزة العامة | مكتبة حمزة العامة | مراجع | 06/07/2004 | 1949 | ط/م/796/ريا | DUP-02_1949 | 28/07/2025 | 06/07/2004 | مراجع | ||||
| Dewey Decimal Classification | مكتبة صويلح العامة | مكتبة صويلح العامة | الأطفال | 02/09/2019 | 001452 | ط/م/796/ريا | PLD00465513 | 28/07/2025 | 02/09/2019 | مراجع | |||||
| Dewey Decimal Classification | Not For Loan | مكتبة مرج الحمام | مكتبة مرج الحمام | مراجع | 28/07/2025 | 1135035 | ط/م/796/ريا | 1135035 | 28/07/2025 | 28/07/2025 | مراجع |